000
00292nam a22001337a 4500
020
_a
8181160304
082
_a
330.954
100
_a
S.K. Dhawan
245
_a
A Handbook of Indian Economy
250
_a
Vol. 2
260
_a
New Delhi
_b
Maxford Books
_c
2006
300
_a
369p
942
_c
BK
999
_c
3393
_d
3393